| 000 | 00460nam a2200121Ia 4500 | ||
|---|---|---|---|
| 005 | 20251222152010.0 | ||
| 008 | 251222s9999||||xx |||||||||||||| ||spa|| | ||
| 082 | _a330.985/I59C | ||
| 100 | _aPeñaranda Castañeda, César | ||
| 245 | 0 | _aCrecer con Inclusión: Aportes del Instituto de Economía y Desarrollo Empresarial de la CCL al Debate Nacional | |
| 264 | _b Instituto de Economía y Desarrollo Empresarial de la Cámara de Comercio de Lima | ||
| 942 | _cLIB | ||
| 999 |
_c24879 _d24879 |
||